书目信息 |
| 题名: |
我们八月见
|
|
| 作者: | 马尔克斯 著 ;侯健 译 | |
| 分册: | ||
| 出版信息: | 海口 南海出版公司 2024 |
|
| 页数: | 115页 | |
| 开本: | 21cm | |
| 丛书名: | 新经典文库 | |
| 单 册: | ||
| 中图分类: | I775.45 | |
| 科图分类: | ||
| 主题词: | 中篇小说--哥伦比亚--现代 | |
| 电子资源: | ||
| ISBN: | 978-7-5735-0877-5 | |
| 000 | 01235nam 2200289 450 | |
| 001 | 012024000213 | |
| 005 | 20240924225235.0 | |
| 010 | @a978-7-5735-0877-5@b精装@dCNY39.00 | |
| 100 | @a20240924d2024 em y0chiy50 ea | |
| 101 | 1 | @achi@cspa |
| 102 | @aCN@b460000 | |
| 105 | @ay z 000ay | |
| 106 | @ar | |
| 200 | 1 | @a我们八月见@Awo men ba yue jian@dEn agosto nos vemos@f加西亚·马尔克斯(Gabriel Garcia Marquez)著@g侯健译@zspa |
| 210 | @a海口@c南海出版公司@d2024 | |
| 215 | @a115页@d21cm | |
| 225 | 2 | @a新经典文库@i加西亚·马尔克斯作品@v22 |
| 330 | @a本书讲述:每年八月十六日同一时刻,她都要重复这趟旅程,乘坐同一班渡轮,抵达同一座岛上,光顾同一家花摊,顶着同样的似火烈日,来到同一处破败的墓地,将一束新鲜的剑兰放到母亲的坟前。在岛上孤独而自由的人,这一晚用尽全身力气紧紧握住命运的手,就好像自己身处悬崖的边缘。 | |
| 410 | 0 | @12001 @a新经典文库 |
| 411 | 0 | @12001 @a加西亚·马尔克斯作品 |
| 510 | 1 | @aEn agosto nos vemos@zspa |
| 606 | 0 | @a中篇小说@y哥伦比亚@z现代 |
| 690 | @aI775.45@v5 | |
| 701 | 0 | @c(哥伦)@a马尔克斯@Ama er ke si@c(Marquez, Gabriel Garcia@f1927-)@4著 |
| 702 | 0 | @a侯健@Ahou jian@4译 |
| 801 | 0 | @aCN@bAHXH@c20240924 |
| 905 | @b214138100@b214138119@b214138128@b214138137@b214138146@dI775.45@e485@f5 | |
| 我们八月见=En agosto nos vemos/加西亚·马尔克斯(Gabriel Garcia Marquez)著/侯健译.-海口:南海出版公司,2024 |
| 115页;21cm.-(新经典文库.加西亚·马尔克斯作品;22) |
| ISBN 978-7-5735-0877-5(精装):CNY39.00 |
| 本书讲述:每年八月十六日同一时刻,她都要重复这趟旅程,乘坐同一班渡轮,抵达同一座岛上,光顾同一家花摊,顶着同样的似火烈日,来到同一处破败的墓地,将一束新鲜的剑兰放到母亲的坟前。在岛上孤独而自由的人,这一晚用尽全身力气紧紧握住命运的手,就好像自己身处悬崖的边缘。 |
| ● |
| 相关链接 |
|
|
|
|
正题名:我们八月见
索取号:I775.45/485
 
预约/预借
| 序号 | 登录号 | 条形码 | 馆藏地/架位号 | 状态 | 备注 |
| 1 | 1413810 | 214138100 | 第一样本阅览室/ [索取号:I775.45/485] | 在馆 | |
| 2 | 1413811 | 214138119 | 第二借阅区/ [索取号:I775.45/485] | 在馆 | |
| 3 | 1413812 | 214138128 | 第二借阅区/ [索取号:I775.45/485] | 在馆 | |
| 4 | 1413813 | 214138137 | 第二借阅区/ [索取号:I775.45/485] | 在馆 | |
| 5 | 1413814 | 214138146 | 第二借阅区/ [索取号:I775.45/485] | 在馆 |